000 00264nam a22001217a 4500
008 260414b ||||| |||| 00| 0 eng d
041 _aalb
080 _a1.1
100 _a20
101 _aHistori
245 _aVezët e Vdekjes
_cBinak Kelmendi
942 _2udc
_cBK
999 _c60970
_d60970